| 000 | 03132nam a22004697a 4500 | ||
|---|---|---|---|
| 003 | AR-RoUNCS | ||
| 005 | 20260313122401.0 | ||
| 007 | ta | ||
| 008 | 130605s2009 ag gr 001 jdspa d | ||
| 015 | _aAR-2009 | ||
| 020 | _a978-987-634-186-8 | ||
| 040 |
_aAR-BaBN _bspa _cAR-RoUNCS _eaacr |
||
| 044 |
_aag _car-c |
||
| 080 | 0 |
_a82-34 _22000 |
|
| 245 | 0 | 0 |
_aEn el país de las maravillas_ : _blos mejores cuentos fantásticos / _cintroducción y selección de Luis Benítez. |
| 250 | _a1a ed. | ||
| 260 |
_aBuenos Aires : _bEdiciones Lea, _c2009. |
||
| 300 |
_a187 p. ; _c23 cm. |
||
| 490 | 0 | _aColección Filo y Contrafilo | |
| 505 | 0 |
_tEl clérigo incestuoso / _rMargarita de Angulema -- _tEl gnomo / _rGustavo Adolfo Bécquer -- _tUn habitante de Carcosa / _rAmbrose Bierce -- _tLa condenada / _rVicente Blasco Ibáñez -- _tThanatopía / _rRubén Darío -- _tLas hadas de Francia / _rAlphonse Daudet -- _tHistoria de un muerto (contada por él mismo) / _rAlejandro Dumas -- _tEl enemigo / _rAntón Chéjov -- _tEl brujo postergado / _rInfante don Juan Manuel -- _tCiudad de la noche pavorosa / _rRudyard Kipling -- _tCelefais / _rHoward Philips Lovecraft -- _tAire / _rEmilia Pardo Bazán -- _tWilliam Wilson / _rEdgar Allan Poe -- _tEl fabricante de ataúdes / _rAlexander Sergéyevich Pushkin -- _tEl almohadón de plumas / _rHoracio Quiroga -- _tLa casa del juez / _rBram Stoker. |
|
| 520 | 3 | _aUn impiadoso crítico dijo alguna vez que fue San Juan uno de los primeros escritores del género fantástico al dejarnos su Apocalipsis, pero sin duda hay un exceso de mala fe en esa afirmación. Y muchas veces los relatos fantásticos fueron considerados como un género menor; sin embargo se olvida que las aventuras de Jasón y los argonautas, las peripecias de Perseo, las tareas de Hércules y la tragedia de Edipo, por sólo citar algunos de los textos hoy clásicos, fueron en su tiempo relatos fantásticos con la misma estructura que los actuales ya que sus personajes no distinguen entre lo real y lo irreal,mientras la suma de elementos reales y elementos increíbles comforman un cosmos donde los hechos másinverosímiles siguen, sin embargo, un desarrollo lógico cercano. (Nota del editor) | |
| 650 | 7 |
_aLiteratura _xAntologías |
|
| 655 | 7 |
_2embne _aCuentos fantásticos _vAntologías |
|
| 700 | 1 |
_aAngulema, Margarita de, _d1492-1549 |
|
| 700 | 1 |
_aBécquer, Gustavo Adolfo, _d1836-1870 |
|
| 700 | 1 |
_aBierce, Ambrose, _d1842-1914? |
|
| 700 | 1 |
_aBlasco Ibáñez, Vicente, _d1867-1928 |
|
| 700 | 1 |
_aDarío, Rubén, _d1867-1916 |
|
| 700 | 1 |
_aDaudet, Alphonse, _d1840-1897 |
|
| 700 | 1 |
_aDumas, Alejandro, _d1802-1870 |
|
| 700 | 1 |
_aChejov, Anton Pavlovich, _d1860-1904 |
|
| 700 | 1 |
_aKipling, Rudyard, _d1865-1936 |
|
| 700 | 1 |
_aDon Juan Manuel (Infante), _d1282-1348 |
|
| 700 | 1 |
_aLovecraft, H. P., _d1890-1937 |
|
| 700 | 1 |
_aPardo Bazán, Emilia, _cCondesa de, _d1851-1921 |
|
| 700 | 1 |
_aPoe, Edgar Allan, _d1809-1849 |
|
| 700 | 1 |
_aPushkin, Aleksandr Sergeevich, _d1799-1837 |
|
| 700 | 1 |
_aQuiroga, Horacio, _d1878-1937 |
|
| 700 | 1 |
_aStoker, Bram, _d1847-1912 |
|
| 700 | 1 |
_aBenítez, Luis, _d1956- _ecompilador _4com |
|
| 942 |
_2udc _cOG _n0 |
||
| 999 |
_c971 _d971 |
||